Enreadados / (Registro nro. 3513)

Detalles MARC
000 -LEADER
fixed length control field 00841nam a2200205Ia 4500
003 - CONTROL NUMBER IDENTIFIER
control field OSt
005 - DATE AND TIME OF LATEST TRANSACTION
control field 20200511160219.0
008 - FIXED-LENGTH DATA ELEMENTS--GENERAL INFORMATION
fixed length control field 191128t2010 ck a br 000 j spa d
020 ## - INTERNATIONAL STANDARD BOOK NUMBER
International Standard Book Number 9789584530028
040 ## - CATALOGING SOURCE
Original cataloging agency CO-JMCR
Transcribing agency CO-JMCR
041 0# - LANGUAGE CODE
Language code of text/sound track or separate title spa
082 04 - DEWEY DECIMAL CLASSIFICATION NUMBER
Classification number C /
Item number PAIe
100 ## - MAIN ENTRY--PERSONAL NAME
Personal name Paillié, María Natalia,
Relator term traductora
9 (RLIN) 4206
245 10 - TITLE STATEMENT
Title Enreadados /
Statement of responsibility, etc. traducción de María Natalia Paillié
260 ## - PUBLICATION, DISTRIBUTION, ETC.
Place of publication, distribution, etc. Bogotá :
Name of publisher, distributor, etc. Norma,
Date of publication, distribution, etc. ©2010
300 ## - PHYSICAL DESCRIPTION
Extent [24] páginas sin enumerar ;
Other physical details ilustraciones a color :
Dimensions 24 cm.
520 ## - SUMMARY, ETC.
Summary, etc. La vida de Rapunzel trascurre en lo alto de una torre acompañada de su mejor amigo, Pascal. Pero todo esto cambiará cuando aparezca Flynn, un extraño que le mostrará todas las maravillas del mundo exterior. ¡Acompañalos a vivir un día deslumbrante!
650 ## - SUBJECT ADDED ENTRY--TOPICAL TERM
Topical term or geographic name entry element cuentos
9 (RLIN) 4207
942 ## - ADDED ENTRY ELEMENTS (KOHA)
Source of classification or shelving scheme Dewey Decimal Classification
Koha item type Books
Existencias
Withdrawn status Lost status Source of classification or shelving scheme Damaged status Not for loan Collection code Home library Current library Date acquired Source of acquisition Cost, normal purchase price Total Checkouts Full call number Barcode Date last seen Date last checked out Copy number Koha item type
    Dewey Decimal Classification     Fiction Biblioteca Pública José María del Castillo y Rada Biblioteca Pública José María del Castillo y Rada 11/28/2019 Donación 0.00 13 C / PAIe 201807368 03/06/2026 03/06/2026 Ej.1 Books